Discipleship pro and con. (Record no. 2553)

000 -LEADER
fixed length control field 00513nam a2200193 a 4500
001 - CONTROL NUMBER
control field :::00000278$&:&@@
003 - CONTROL NUMBER IDENTIFIER
control field OkBaRHE
005 - DATE AND TIME OF LATEST TRANSACTION
control field 20000607103237.0
008 - FIXED-LENGTH DATA ELEMENTS--GENERAL INFORMATION
fixed length control field s1975 j 000 0 eng u
040 ## - CATALOGING SOURCE
Transcribing agency
100 1# - MAIN ENTRY--PERSONAL NAME
Personal name Buess, Bob.
245 10 - TITLE STATEMENT
Title Discipleship pro and con.
260 ## - PUBLICATION, DISTRIBUTION, ETC. (IMPRINT)
Place of publication, distribution, etc Van, TX., :
Name of publisher, distributor, etc Bob Buess
Date of publication, distribution, etc c1975
300 ## - PHYSICAL DESCRIPTION
Extent 155 p.
650 ## - SUBJECT ADDED ENTRY--TOPICAL TERM
Topical term or geographic name as entry element Cult
650 ## - SUBJECT ADDED ENTRY--TOPICAL TERM
Topical term or geographic name as entry element Shepherding
942 ## - ADDED ENTRY ELEMENTS (KOHA)
Source of classification or shelving scheme
Koha item type Books
Copies
Barcode Full call number Lost status Koha item type Withdrawn status Price effective from Copy number Source of classification or shelving scheme Shelving location Permanent Location Not for loan Date last seen Damaged status Date acquired
278BP 603 .B8 Books 2010-04-141 General StacksRHEMA Bible Training College 2010-04-14 2010-04-14